| 000 | 00959cam a2200265 a 4500 | ||
|---|---|---|---|
| 003 | MX-MxUPN | ||
| 005 | 20231114063539.0 | ||
| 008 | 991125s1995 mx a br 000 0bspa u | ||
| 020 | _a9706280154 | ||
| 035 | _aUPN01000006771 | ||
| 040 |
_aMX-MxUPN _bspa |
||
| 050 | 4 |
_aF1231 S57 _bG66 1995 |
|
| 100 | 1 |
_946730 _aGonzález González, Enrique |
|
| 100 | 1 |
_950596 _aGutiérrez Rodríguez, Víctor |
|
| 245 | 1 | 0 | _aCarlos de Sigüenza y Góngora |
| 250 | _a2a. edición | ||
| 260 |
_aMéxico, D.F. : _bSecretaría de Gobiernación : _bInstituto de Estudios Históricos de la Revolución Mexicana, _c1995. |
||
| 300 |
_a32 páginas : _bilustraciones a color |
||
| 490 | 0 | _aBiografías para niños | |
| 600 | 1 | 2 |
_aSigüenza y Góngora, Carlos de, _d1645-1700 _932660 |
| 651 | 4 |
_aMéxico _xHistoria _yDominación española, 1517-1821 _9227 |
|
| 700 | 1 |
_950600 _aGonzález, Bruno _eilustración |
|
| 902 | _bVíctorGodínez/131123 | ||
| 942 |
_2lcc _cLIBRO |
||
| 999 |
_c6771 _d6771 |
||